| 000 | 00536nam a2200157 i 4500 | ||
|---|---|---|---|
| 001 | 78005 | ||
| 003 | ES-MaACL | ||
| 005 | 20230906173508.0 | ||
| 007 | t| | ||
| 008 | 041008q19001999sp ||||1| spa d | ||
| 100 | 1 |
_aGuttman, Walter. _961251 |
|
| 245 | 1 | 0 |
_aEnciclopedia de práctica médica / _cpublicada bajo la dirección de Walter Guttman ; con la colaboración de eminentes especialistas. |
| 260 |
_aBarcelona : _bLabor, _c[19--?] ( _fIbero-Americanos) |
||
| 300 |
_a2 v. : _bil. ; _c26 cm. |
||
| 852 |
_aES-MaACL _jE-111-12 _bR.20064 |
||
| 999 |
_c78005 _d78005 |
||